000
00309nam a2200097Ia 4500
082
_a
344.68|LABO
245
0
_a
Labour law into the future : essays in honour of D'Arcy du Toit
100
_a
Du Toit, D. Claremont [South Africa], 2012
_9
63245
942
_c
BK
008
210817s9999 xx 000 0 und d
999
_c
200335
_d
200334